| 000 | 01100cab a2200289 4500 | ||
|---|---|---|---|
| 001 | WB3229-46 | ||
| 008 | 090401t1996 xxu||||| |||| 00| 0 eng d | ||
| 035 | _a(Sirsi) u60595 | ||
| 041 | _aeng | ||
| 245 | _aBSE ban to be extended to sheep | ||
| 260 | _c1996 | ||
| 350 | _a0 | ||
| 490 |
_aTimes _v23 July 1996, 1 |
||
| 490 |
_aFinancial Times _v25 July 1996, 6 |
||
| 490 |
_aMAFF News Release _v(271/96) 24 July 1996, (14) |
||
| 520 | _aFears that the agent that causes BSE in cattle may be transmitted to sheep has led to calls to extend the ban on the use of offal to sheep. How this will affect the farmer and consumer is explored, with scientific comment on BSE and scrapie in sheep. Advice and statistics on transmissible spongiform encephalopathy and BSE in sheep and goats from SEAC. | ||
| 650 | _aBARNSLEY CHOP | ||
| 650 | _aBSE | ||
| 650 | _aOFFAL | ||
| 650 | _aSCRAPIE | ||
| 650 | _aSHEEP | ||
| 650 | _aSPONGIFORM ENCEPHALOPATHY ADVISORY COMMITTEE | ||
| 650 | _aTRANSMISSABLE SPONGIFORM ENCEPHALOPATHY | ||
| 690 | _aRURAL PRACTICE | ||
| 942 | _n0 | ||
| 948 | _c04/03/1997 | ||
| 999 |
_c37405 _d37405 |
||